| 000 | 00773cab a2200229 4500 | ||
|---|---|---|---|
| 001 | WB3132-03 | ||
| 008 | 090401t1995 xxu||||| |||| 00| 0 eng d | ||
| 035 | _a(Sirsi) u57151 | ||
| 041 | _aeng | ||
| 245 | _aGrowth forecast cut to near zero | ||
| 260 | _c1995 | ||
| 350 | _a0 | ||
| 490 |
_aBuilding _v260(7906) 1 September 1995, 14(1) |
||
| 520 | _aCambridge Econometrics has predicted that there will be almost no growth in construction output during 1995 in their twice yearly forecast, UK Construction Prospects. Includes statistics. | ||
| 650 | _aCAMBRIDGE ECONOMETRICS | ||
| 650 | _aCONSTRUCTION OUTPUT | ||
| 650 | _aOXFORD ECONOMIC FORECASTING | ||
| 650 | _aUK CONSTRUCITON PROSPECTS | ||
| 690 | _aBUILT ENVIRONMENT | ||
| 942 | _n0 | ||
| 948 | _c04/03/1997 | ||
| 999 |
_c34826 _d34826 |
||